[Event "Landesliga Nord 0001"]
[Site "Bayern"]
[Date "2000.12.10"]
[Round "3"]
[White "Kraft, Volker"]
[Black "Kolin, Julius"]
[Result "1-0"]
[WhiteElo "1997"]
[BlackElo "2160"]
[PlyCount "85"]
[EventDate "2000.10.15"]
[EventType "team-tourn"]
[EventRounds "9"]
[EventCountry "GER"]
[SourceTitle "EXT 2020"]
[Source "ChessBase"]
[SourceDate "2019.10.17"]
[SourceVersion "1"]
[SourceVersionDate "2019.10.17"]
[SourceQuality "1"]
[WhiteTeam "Zirndorf"]
[BlackTeam "Bamberg SC II"]
[WhiteTeamCountry "GER"]
[BlackTeamCountry "GER"]

1. e4 c5 2. Nf3 Nc6 3. c3 Nf6 4. e5 Nd5 5. d4 cxd4 6. Bc4 Nb6 7. Bb3 d5 8. exd6 Qxd6 9. 0-0 Be6 10. Na3 a6 11. Bxe6 Qxe6 12. Nxd4 Nxd4 13. Qxd4 Rd8 14. Qh4 Qc6 15. Nc2 e6 16. Qg3 Qe4 17. Nd4 Bd6 18. Qxg7 Be5 19. Qg5 Nd5 20. Nf3 Bf6 21. Qg3 Ke7 22. Re1 Qf5 23. Ne5 Rhg8 24. Qf3 Qxf3 25. Nxf3 b5 26. Be3 Rc8 27. Rad1 Rgd8 28. a3 Rc4 29. Bd4 Bxd4 30. Nxd4 Kd6 31. Kf1 Rg8 32. Rd3 Rcc8 33. g3 Rge8 34. Re4 Rc7 35. Rh4 f6 36. Re4 e5 37. Nf5+ Ke6 38. Nd4+ Kd6 39. Nc2 Ke6 40. Rh4 Rc4 41. Rxh7 Rc6 42. Rxd5 Kxd5 43. Nb4+ 1-0

[Event "CZE-chT2b 0001"]
[Site "Czech Republic"]
[Date "2000.??.??"]
[Round "?"]
[White "Kolin, Julius"]
[Black "Sejkora, Vlastimil"]
[Result "1/2-1/2"]
[WhiteElo "2159"]
[BlackElo "2277"]
[PlyCount "117"]
[EventDate "2000.??.??"]
[EventType "team"]
[EventRounds "11"]
[EventCountry "CZE"]
[SourceTitle "EXT 2003"]
[Source "ChessBase"]
[SourceDate "2002.11.25"]
[SourceVersion "1"]
[SourceVersionDate "2002.11.25"]
[SourceQuality "1"]

1. e4 g6 2. d4 Bg7 3. Nf3 d6 4. Bc4 Nf6 5. Qe2 c6 6. e5 dxe5 7. Nxe5 0-0 8. c3 Nbd7 9. 0-0 Nxe5 10. dxe5 Nd5 11. Rd1 Be6 12. Bxd5 Bxd5 13. Bf4 b5 14. Nd2 Qc8 15. a4 Qf5 16. Bg3 a6 17. c4 bxc4 18. Nxc4 Rab8 19. Ne3 Qe6 20. Qxa6 Bxe5 21. Nxd5 Bxg3 22. Qxc6 Bxf2+ 23. Kxf2 Rxb2+ 24. Kg1 Qe2 25. Nc3 Qf2+ 26. Kh1 Rc2 27. Rac1 Rb8 28. Rxc2 Qxc2 29. Rf1 Kg7 30. Qc4 f5 31. Qd4+ Kg8 32. Nb5 Rc8 33. Qd5+ Kf8 34. a5 Rc5 35. Qd8+ Kf7 36. Nd4 Qc4 37. Re1 Re5 38. Rd1 Rd5 39. Qh8 e5 40. Qxh7+ Kf6 41. Qh8+ Kf7 42. Rb1 Qxd4 43. h3 Rd7 44. Rb6 e4 45. Qh7+ Qg7 46. Qxg7+ Kxg7 47. a6 Rd1+ 48. Kh2 Ra1 49. Kg3 Kh6 50. Kf4 Rf1+ 51. Ke3 Kg5 52. h4+ Kh5 53. Rb8 Ra1 54. Kf4 Kh6 55. Rb6 Ra3 56. Re6 Ra2 57. Kg3 Kg7 58. Rb6 Kh6 59. Re6 1/2-1/2

[Event "Regionalliga NW 9900"]
[Site "Bayern"]
[Date "2000.??.??"]
[Round "4.3"]
[White "Sadeghi, Behrang"]
[Black "Kolin, Julius"]
[Result "0-1"]
[WhiteElo "2215"]
[BlackElo "2165"]
[PlyCount "80"]
[EventDate "1999.??.??"]
[EventType "team-tourn"]
[EventRounds "9"]
[EventCountry "GER"]
[SourceTitle "EXT 2020"]
[Source "ChessBase"]
[SourceDate "2019.10.17"]
[SourceVersion "1"]
[SourceVersionDate "2019.10.17"]
[SourceQuality "1"]
[WhiteTeam "Burgsinn"]
[BlackTeam "Bamberg SC III"]
[WhiteTeamCountry "GER"]
[BlackTeamCountry "GER"]

1. e4 c5 2. Nc3 Nc6 3. f4 e6 4. Nf3 Nf6 5. g3 d5 6. e5 Ng8 7. Bg2 h5 8. 0-0 Be7 9. Ne2 Nh6 10. h3 Nf5 11. Kh2 Qb6 12. c3 Bd7 13. d4 Rc8 14. dxc5 Bxc5 15. b4 Be3 16. Qd3 Nce7 17. a4 a6 18. Rd1 Bf2 19. Bd2 Ng6 20. Nfd4 Nge7 21. Be1 Be3 22. Bf3 Rc4 23. Kg2 g5 24. g4 hxg4 25. hxg4 Bxd4 26. gxf5 Be3 27. f6 Nf5 28. fxg5 Rg8 29. Nd4 Rxg5+ 30. Kf1 Rg1+ 31. Ke2 Bxd4 32. cxd4 Nxd4+ 33. Kf2 Nc2+ 34. Ke2 Qc7 35. Rac1 Qxe5+ 36. Kd2 Qf4+ 37. Ke2 Nd4+ 38. Kf2 Qh2+ 39. Ke3 Nf5+ 40. Qxf5 exf5 0-1

[Event "Regionalliga NW 9900"]
[Site "Bayern"]
[Date "2000.??.??"]
[Round "8.3"]
[White "Zentgraf, Alexander"]
[Black "Kolin, Julius"]
[Result "1-0"]
[WhiteElo "1940"]
[BlackElo "2165"]
[PlyCount "57"]
[EventDate "1999.??.??"]
[EventType "team-tourn"]
[EventRounds "9"]
[EventCountry "GER"]
[SourceTitle "EXT 2020"]
[Source "ChessBase"]
[SourceDate "2019.10.17"]
[SourceVersion "1"]
[SourceVersionDate "2019.10.17"]
[SourceQuality "1"]
[WhiteTeam "Sailauf"]
[BlackTeam "Bamberg SC III"]
[WhiteTeamCountry "GER"]
[BlackTeamCountry "GER"]

1. d4 Nf6 2. Nf3 d6 3. Nc3 Bg4 4. e4 c6 5. Bd3 Nbd7 6. h3 Bxf3 7. gxf3 e5 8. Be3 Qa5 9. Qd2 Be7 10. Rg1 g6 11. f4 Nh5 12. fxe5 dxe5 13. 0-0-0 b5 14. d5 b4 15. dxc6 Ndf6 16. Nd5 Nxd5 17. exd5 Qxa2 18. c4 bxc3 19. Qxc3 Qxd5 20. Bxg6 Qf3 21. Qxe5 Qxc6+ 22. Kb1 Nf6 23. Bd3 a6 24. Rc1 Qe6 25. Qa5 Qd5 26. Qa4+ Qd7 27. Qc2 Qb7 28. Bc5 Qd5 29. Rge1 1-0

[Event "CZE-chT2 9899"]
[Site "Czech Republic"]
[Date "1999.??.??"]
[Round "?"]
[White "Pesout, Jan"]
[Black "Kolin, Julius"]
[Result "1/2-1/2"]
[WhiteElo "2255"]
[BlackElo "2175"]
[PlyCount "62"]
[EventDate "1998.??.??"]
[EventType "team"]
[EventRounds "11"]
[EventCountry "CZE"]
[SourceTitle "EXT 2000"]
[Source "ChessBase"]
[SourceDate "1999.11.16"]
[SourceVersion "1"]
[SourceVersionDate "1999.11.16"]
[SourceQuality "1"]

1. Nf3 d5 2. d4 c6 3. e3 Bf5 4. Bd3 Bxd3 5. Qxd3 Qa5+ 6. Nbd2 Qa6 7. Qxa6 Nxa6 8. c4 Nf6 9. a3 e6 10. b4 Nc7 11. Rb1 b5 12. c5 a5 13. Nb3 axb4 14. axb4 Nd7 15. Na5 Ra6 16. Bd2 Be7 17. Ke2 f6 18. Bc3 0-0 19. Ra1 Rfa8 20. Nd2 f5 21. Ndb3 Nb8 22. Nc1 Ne8 23. Nd3 Bd8 24. Nb3 Ra2+ 25. Nd2 Nf6 26. f3 Bc7 27. g3 Nbd7 28. Rxa2 Rxa2 29. Ra1 Rxa1 30. Bxa1 Kf7 31. Bc3 g5 1/2-1/2

[Event "Decin op-A"]
[Site "Decin"]
[Date "1998.??.??"]
[Round "8"]
[White "Chernikov, Oleg L"]
[Black "Kolin, Julius"]
[Result "1-0"]
[WhiteElo "2405"]
[BlackElo "2165"]
[PlyCount "47"]
[EventDate "1998.08.??"]
[EventType "swiss"]
[EventRounds "10"]
[EventCountry "CZE"]
[SourceTitle "EXT 2000"]
[Source "ChessBase"]
[SourceDate "1999.11.16"]
[SourceVersion "1"]
[SourceVersionDate "1999.11.16"]
[SourceQuality "1"]

1. d4 Nf6 2. c4 c5 3. Nf3 cxd4 4. Nxd4 Nc6 5. Nc3 g6 6. e4 Nxd4 7. Qxd4 d6 8. Bg5 Bg7 9. Be2 0-0 10. Qd2 Be6 11. 0-0 a6 12. Kh1 Qc7 13. Rac1 Rfc8 14. b3 Qb8 15. f4 b5 16. f5 b4 17. fxe6 bxc3 18. exf7+ Kf8 19. Qxc3 h6 20. Bxf6 exf6 21. Rxf6 Rc5 22. Qf3 Rg5 23. Re6 Qc7 24. e5 1-0

[Event "Regionalliga NW 9798"]
[Site "Bayern"]
[Date "1998.??.??"]
[Round "?.1"]
[White "Jahrsdoerfer, Gerd"]
[Black "Kolin, Julius"]
[Result "1/2-1/2"]
[WhiteElo "2010"]
[BlackElo "2190"]
[PlyCount "31"]
[EventDate "1997.10.??"]
[EventType "team-tourn"]
[EventRounds "9"]
[EventCountry "GER"]
[SourceTitle "EXT 2020"]
[Source "ChessBase"]
[SourceDate "2019.10.17"]
[SourceVersion "1"]
[SourceVersionDate "2019.10.17"]
[SourceQuality "1"]
[WhiteTeam "Bad Neustadt"]
[BlackTeam "Bamberg SC III"]
[WhiteTeamCountry "GER"]
[BlackTeamCountry "GER"]

1. e4 c5 2. c3 Nf6 3. e5 Nd5 4. d4 cxd4 5. Bc4 Qc7 6. Qe2 Nb6 7. Bb3 e6 8. Nf3 Nc6 9. 0-0 d3 10. Qe4 Na5 11. Bf4 Nbc4 12. Bxc4 Nxc4 13. b3 d5 14. exd6 Bxd6 15. Bxd6 Nxd6 16. Qxd3 1/2-1/2

[Event "Regionalliga NW 9798"]
[Site "Bayern"]
[Date "1998.??.??"]
[Round "?.1"]
[White "Kolin, Julius"]
[Black "Golda, Harald"]
[Result "0-1"]
[WhiteElo "2190"]
[BlackElo "2230"]
[PlyCount "118"]
[EventDate "1997.10.??"]
[EventType "team-tourn"]
[EventRounds "9"]
[EventCountry "GER"]
[SourceTitle "EXT 2020"]
[Source "ChessBase"]
[SourceDate "2019.10.17"]
[SourceVersion "1"]
[SourceVersionDate "2019.10.17"]
[SourceQuality "1"]
[WhiteTeam "Bamberg SC III"]
[BlackTeam "Sand"]
[WhiteTeamCountry "GER"]
[BlackTeamCountry "GER"]

1. e4 c5 2. Nf3 d6 3. d4 cxd4 4. Nxd4 Nf6 5. Nc3 Nc6 6. Bc4 e6 7. Bb3 Be7 8. Be3 0-0 9. Qe2 a6 10. f4 Qc7 11. h3 b5 12. a3 Bb7 13. 0-0 Na5 14. Bf2 Nxb3 15. Nxb3 Rac8 16. Rac1 Qc4 17. Qxc4 bxc4 18. Nd2 d5 19. e5 Nd7 20. Nf3 Rb8 21. Nd4 Rfc8 22. Rce1 Bc6 23. Rb1 Nc5 24. Rfd1 Bd7 25. g4 Rb7 26. Re1 Rcb8 27. Nd1 Ne4 28. Re2 Bxa3 29. c3 Ba4 30. f5 Bc5 31. fxe6 fxe6 32. Nxe6 Bxd1 33. Nxc5 Bxe2 34. Nxb7 Rxb7 35. Bd4 Re7 36. Ra1 Re6 37. Ra5 Ng5 38. Kf2 Bd1 39. h4 Ne4+ 40. Ke3 Bxg4 41. Rxd5 Bf5 42. Kf4 g6 43. Rd8+ Kf7 44. Rc8 Re7 45. Rxc4 Rb7 46. b4 Nd2 47. Rc6 Nb3 48. Be3 a5 49. bxa5 Nxa5 50. Rf6+ Ke8 51. h5 Rc7 52. hxg6 hxg6 53. Bd4 Rc6 54. Rxc6 Nxc6 55. Bc5 Kd7 56. Bd6 Ke6 57. c4 Na5 58. c5 Nc6 59. Kf3 Nxe5+ 0-1

[Event "Decin op-A"]
[Site "Decin"]
[Date "1998.??.??"]
[Round "4"]
[White "Kolin, Julius"]
[Black "Neuman, Petr"]
[Result "1/2-1/2"]
[WhiteElo "2165"]
[BlackElo "2360"]
[PlyCount "85"]
[EventDate "1998.08.??"]
[EventType "swiss"]
[EventRounds "10"]
[EventCountry "CZE"]
[SourceTitle "EXT 2000"]
[Source "ChessBase"]
[SourceDate "1999.11.16"]
[SourceVersion "1"]
[SourceVersionDate "1999.11.16"]
[SourceQuality "1"]

1. c4 g6 2. Nc3 Bg7 3. g3 e5 4. Bg2 Ne7 5. e4 d6 6. Nge2 h5 7. h4 Nbc6 8. d3 0-0 9. Bg5 a6 10. Qd2 Rb8 11. a4 Bg4 12. f3 Be6 13. Nd5 f6 14. Be3 Qd7 15. a5 Rf7 16. 0-0 Rbf8 17. Rac1 Kh7 18. b4 Nc8 19. Kh2 f5 20. Ng1 f4 21. gxf4 exf4 22. Bf2 Ne5 23. d4 Nxc4 24. Rxc4 c6 25. Bh3 cxd5 26. exd5 Bxh3 27. Nxh3 Bh6 28. Rfc1 Ne7 29. Qd3 Nxd5 30. Rg1 Rf5 31. Re1 Re8 32. Re4 Rc8 33. Rxc8 Qxc8 34. b5 Rf7 35. bxa6 bxa6 36. Qb3 Qb7 37. Qc4 Ne3 38. Qe6 Nf5 39. Qe8 Qd7 40. Qa8 Qb7 41. Re8 Qb2 42. Rh8+ Kg7 43. Rg8+ 1/2-1/2

[Event "Regionalliga NW 9798"]
[Site "Bayern"]
[Date "1998.??.??"]
[Round "?.1"]
[White "Stickler, Roberto"]
[Black "Kolin, Julius"]
[Result "1/2-1/2"]
[WhiteElo "1995"]
[BlackElo "2190"]
[PlyCount "59"]
[EventDate "1997.10.??"]
[EventType "team-tourn"]
[EventRounds "9"]
[EventCountry "GER"]
[SourceTitle "EXT 2020"]
[Source "ChessBase"]
[SourceDate "2019.10.17"]
[SourceVersion "1"]
[SourceVersionDate "2019.10.17"]
[SourceQuality "1"]
[WhiteTeam "Dettingen"]
[BlackTeam "Bamberg SC III"]
[WhiteTeamCountry "GER"]
[BlackTeamCountry "GER"]

1. d4 Nf6 2. Nf3 c5 3. g3 cxd4 4. Nxd4 Nc6 5. Bg2 g6 6. 0-0 Bg7 7. e4 0-0 8. c3 Nxd4 9. cxd4 d5 10. e5 Ne8 11. Nc3 Nc7 12. Qb3 e6 13. Bf4 b6 14. Rfc1 Ba6 15. Nd1 Bc4 16. Qe3 Rc8 17. Qd2 Ba6 18. h4 Qe7 19. Ne3 h5 20. Nf1 Rfd8 21. Nh2 Ne8 22. Nf3 Qd7 23. Bh6 Rxc1+ 24. Rxc1 Rc8 25. Bxg7 Rxc1+ 26. Qxc1 Nxg7 27. Bh3 Bd3 28. Qc3 Bb5 29. Ng5 Qc6 30. Qxc6 1/2-1/2

[Event "CZE-chT2 9899"]
[Site "Czech Republic"]
[Date "1998.??.??"]
[Round "?"]
[White "Zahorbensky, Jaroslav"]
[Black "Kolin, Julius"]
[Result "1-0"]
[WhiteElo "2160"]
[BlackElo "2175"]
[PlyCount "127"]
[EventDate "1998.??.??"]
[EventType "team"]
[EventRounds "11"]
[EventCountry "CZE"]
[SourceTitle "EXT 2000"]
[Source "ChessBase"]
[SourceDate "1999.11.16"]
[SourceVersion "1"]
[SourceVersionDate "1999.11.16"]
[SourceQuality "1"]

1. e4 c6 2. d4 d5 3. e5 Bf5 4. Ne2 e6 5. Ng3 Ne7 6. Bd3 Bxd3 7. Qxd3 Qb6 8. Nd2 Nd7 9. Nb3 a5 10. a4 Qa6 11. Qxa6 Rxa6 12. Bd2 b6 13. 0-0 h5 14. h3 h4 15. Ne2 Nf5 16. Kh2 Bb4 17. c3 Be7 18. g4 hxg3+ 19. fxg3 g5 20. Ng1 Nf8 21. Kg2 Rg8 22. g4 Nh4+ 23. Kg3 Nh7 24. Nf3 f5 25. exf6 Nxf6 26. Nxh4 Ne4+ 27. Kg2 gxh4 28. Bf4 Bg5 29. Be5 Ra7 30. Rf3 Rf8 31. Rxf8+ Kxf8 32. Rf1+ Ke8 33. Nc1 b5 34. axb5 cxb5 35. Nd3 b4 36. cxb4 axb4 37. Re1 Ra2 38. Re2 Be7 39. Kf3 Ng5+ 40. Kg2 b3 41. Nc1 Ba3 42. Nxb3 Ne4 43. Nc1 Rxb2 44. Rxb2 Bxb2 45. Ne2 Kf7 46. Ng1 Ba3 47. Nf3 Be7 48. Bc7 Kg7 49. Ba5 Ng5 50. Nxh4 Bf6 51. Bb6 e5 52. Nf5+ Kf7 53. h4 Ne6 54. dxe5 Bxe5 55. Kf3 Bf6 56. Be3 Kg6 57. Bd2 d4 58. Be1 Nc5 59. Bf2 Nb3 60. h5+ Kf7 61. Ke4 Nc5+ 62. Kd5 Ne6 63. Bxd4 Ng5 64. Nd6+ 1-0

[Event "CZE-chT1c 9697"]
[Site "Czech Republic"]
[Date "1997.??.??"]
[Round "?"]
[White "Kolin, Julius"]
[Black "Vavra, Pavel"]
[Result "0-1"]
[WhiteElo "2205"]
[BlackElo "2390"]
[PlyCount "92"]
[EventDate "1996.??.??"]
[EventType "team"]
[EventRounds "11"]
[EventCountry "CZE"]
[SourceTitle "EXT 1998"]
[Source "ChessBase"]
[SourceDate "1997.11.17"]
[SourceVersion "1"]
[SourceVersionDate "1997.11.17"]
[SourceQuality "1"]

1. e4 c6 2. d4 d5 3. exd5 cxd5 4. c4 Nf6 5. Nc3 Nc6 6. Nf3 Bg4 7. cxd5 Nxd5 8. Qb3 Bxf3 9. gxf3 e6 10. Qxb7 Nxd4 11. Bb5+ Nxb5 12. Qc6+ Ke7 13. Qxb5 Qd7 14. Nxd5+ Qxd5 15. Qxd5 exd5 16. Be3 Ke6 17. Rg1 Bd6 18. Bd4 Be5 19. Bxe5 Kxe5 20. Rxg7 Rhg8 21. Rg3 h5 22. Rc1 f5 23. Rc7 Kf4 24. Rh7 Rae8+ 25. Kd2 Rh8 26. Rxh8 Rxh8 27. h4 a5 28. Rg5 a4 29. b4 a3 30. Kc3 Rc8+ 31. Kb3 d4 32. Rg7 Rd8 33. Kc2 Kxf3 34. Kd3 f4 35. Rf7 Rb8 36. Kc4 d3 37. Kxd3 Rxb4 38. Ra7 Kxf2 39. Rxa3 f3 40. Ra5 Rxh4 41. Rg5 Kf1 42. Ke3 f2 43. Rf5 Rh3+ 44. Kd2 h4 45. Rf4 Kg1 46. Ke2 Rh2 0-1

[Event "CZE-chT1c 9697"]
[Site "Czech Republic"]
[Date "1997.??.??"]
[Round "?"]
[White "Spal, Milan"]
[Black "Kolin, Julius"]
[Result "0-1"]
[WhiteElo "2245"]
[BlackElo "2205"]
[PlyCount "69"]
[EventDate "1996.??.??"]
[EventType "team"]
[EventRounds "11"]
[EventCountry "CZE"]
[SourceTitle "EXT 1998"]
[Source "ChessBase"]
[SourceDate "1997.11.17"]
[SourceVersion "1"]
[SourceVersionDate "1997.11.17"]
[SourceQuality "1"]

1. e4 c5 2. Nc3 Nc6 3. f4 e6 4. Nf3 Nf6 5. Bb5 Nd4 6. e5 Nxb5 7. Nxb5 Nd5 8. 0-0 c4 9. d4 a6 10. Nd6+ Bxd6 11. exd6 0-0 12. b3 c3 13. f5 exf5 14. Qd3 Qf6 15. Ne5 f4 16. Qf3 Qxd6 17. Ba3 Qxa3 18. Qxd5 Qe7 19. Rae1 Qg5 20. h4 Qf6 21. Ng4 Qxh4 22. Nh2 a5 23. Qe5 d6 24. Qxd6 Bf5 25. Nf3 Qg3 26. Re2 Bg4 27. Re4 Bh3 28. Rf2 Bxg2 29. Rxg2 Qxf3 30. Rxf4 Qd1+ 31. Rf1 Qh5 32. Rf4 Ra6 33. Qe5 Qxe5 34. dxe5 Re6 35. Re4 0-1

[Event "CZE-chT1c 9697"]
[Site "Czech Republic"]
[Date "1997.??.??"]
[Round "?"]
[White "Stluka, Petr"]
[Black "Kolin, Julius"]
[Result "1-0"]
[WhiteElo "2250"]
[BlackElo "2205"]
[PlyCount "139"]
[EventDate "1996.??.??"]
[EventType "team"]
[EventRounds "11"]
[EventCountry "CZE"]
[SourceTitle "EXT 1998"]
[Source "ChessBase"]
[SourceDate "1997.11.17"]
[SourceVersion "1"]
[SourceVersionDate "1997.11.17"]
[SourceQuality "1"]

1. Nf3 Nf6 2. g3 d5 3. Bg2 c6 4. 0-0 Bg4 5. b3 Nbd7 6. Bb2 Bxf3 7. Bxf3 e5 8. c4 d4 9. e3 e4 10. Bg2 dxe3 11. fxe3 Bd6 12. Qc2 Qe7 13. Nc3 Be5 14. Rab1 h5 15. Nxe4 h4 16. Bxe5 Qxe5 17. d4 Qe7 18. Rbe1 hxg3 19. hxg3 0-0-0 20. Nxf6 Nxf6 21. Qf5+ Kb8 22. Bf3 Ka8 23. Kg2 g6 24. Qg5 Qe6 25. Rh1 Ne4 26. Qf4 Nd2 27. Rxh8 Rxh8 28. Rh1 Re8 29. Kf2 f6 30. Re1 Nxf3 31. Qxf3 f5 32. Rh1 g5 33. Rh5 Qg6 34. Rh2 f4 35. gxf4 gxf4 36. Qxf4 Rg8 37. Kf3 Qg1 38. c5 a6 39. Rf2 Qd1+ 40. Re2 Rg1 41. Qh2 Rf1+ 42. Ke4 Rf8 43. Rd2 Qb1+ 44. Rc2 Qf1 45. Qh5 Rf7 46. Qg5 Rf8 47. Qh5 Ka7 48. Rd2 Rf7 49. Qg5 Qb1+ 50. Ke5 Qh7 51. d5 Re7+ 52. Kd4 cxd5 53. Kc3 Qh8+ 54. Rd4 Re5 55. Qf4 Qe8 56. Rd3 Re4 57. Qd6 Qh8+ 58. Kc2 Re5 59. Qb6+ Ka8 60. c6 Qh2+ 61. Kc3 bxc6 62. Qxa6+ Kb8 63. Qb6+ Ka8 64. Qxc6+ Kb8 65. Qb6+ Kc8 66. a4 Qg1 67. Kb2 Qf2+ 68. Ka3 Qc2 69. Qd4 Qc1+ 70. Kb4 1-0

[Event "Zlin op"]
[Site "Zlin"]
[Date "1996.??.??"]
[Round "8"]
[White "Ianov, Viktor"]
[Black "Kolin, Julius"]
[Result "1-0"]
[WhiteElo "2415"]
[BlackElo "2230"]
[PlyCount "73"]
[EventDate "1996.??.??"]
[EventType "swiss"]
[EventRounds "9"]
[EventCountry "CZE"]
[SourceTitle "EXT 1999"]
[Source "ChessBase"]
[SourceDate "1998.11.16"]
[SourceVersion "1"]
[SourceVersionDate "1998.11.16"]
[SourceQuality "1"]

1. Nf3 c5 2. g3 d5 3. Bg2 Nc6 4. d4 Nf6 5. 0-0 cxd4 6. Nxd4 e6 7. c4 Be7 8. Nc3 0-0 9. cxd5 exd5 10. Bg5 h6 11. Be3 Ne5 12. Qb3 Nc4 13. Bf4 Na5 14. Qc2 Nc6 15. Nf5 Be6 16. Rad1 Qc8 17. Nxe7+ Nxe7 18. Be5 Ne4 19. Bxe4 dxe4 20. Qxe4 Ng6 21. Bd6 Re8 22. Qd4 Qc6 23. Qc5 Rac8 24. Qxc6 Rxc6 25. Rd2 Bh3 26. Rfd1 f5 27. f3 h5 28. Kf2 Re6 29. Rd4 a6 30. a4 b6 31. Bb8 b5 32. axb5 axb5 33. Rb4 Rc5 34. Rd6 f4 35. Rd8+ Kh7 36. Bxf4 Ra6 37. Ne4 1-0

[Event "Zlin op"]
[Site "Zlin"]
[Date "1996.??.??"]
[Round "?"]
[White "Kolin, Julius"]
[Black "Sleich, Jan"]
[Result "0-1"]
[WhiteElo "2230"]
[BlackElo "2200"]
[PlyCount "58"]
[EventDate "1996.??.??"]
[EventType "swiss"]
[EventRounds "9"]
[EventCountry "CZE"]
[SourceTitle "EXT 1999"]
[Source "ChessBase"]
[SourceDate "1998.11.16"]
[SourceVersion "1"]
[SourceVersionDate "1998.11.16"]
[SourceQuality "1"]

1. c4 Nf6 2. Nc3 e6 3. e4 d5 4. cxd5 exd5 5. e5 Ne4 6. Nf3 Nc6 7. Be2 Be7 8. 0-0 0-0 9. d4 f6 10. Qb3 Nxc3 11. bxc3 Kh8 12. Rd1 Rb8 13. Ba3 Bg4 14. Bxe7 Nxe7 15. h3 Bh5 16. Re1 Nc6 17. Rad1 Re8 18. Qb5 Re7 19. c4 Bf7 20. Qc5 Qd7 21. Bf1 Rbe8 22. Re3 dxc4 23. exf6 gxf6 24. Bxc4 Bxc4 25. Rxe7 Nxe7 26. Qxc4 Nd5 27. Re1 Rg8 28. Nh4 Nf4 29. Kh2 Rxg2+ 0-1

[Event "Prague Cedok op"]
[Site "Prague"]
[Date "1996.??.??"]
[Round "5"]
[White "Vul, Arkadi Eremeevich"]
[Black "Kolin, Julius"]
[Result "1-0"]
[WhiteElo "2410"]
[BlackElo "2230"]
[PlyCount "45"]
[EventDate "1996.??.??"]
[EventType "swiss"]
[EventRounds "9"]
[EventCountry "CZE"]
[SourceTitle "EXT 2001"]
[Source "ChessBase"]
[SourceDate "2000.11.22"]
[SourceVersion "1"]
[SourceVersionDate "2000.11.22"]
[SourceQuality "1"]

1. Nf3 c5 2. c4 Nf6 3. Nc3 Nc6 4. d4 cxd4 5. Nxd4 g6 6. e4 Nxd4 7. Qxd4 d6 8. Be2 Bg7 9. Be3 0-0 10. Qd1 Be6 11. Bd4 Qa5 12. 0-0 Rfc8 13. b3 a6 14. f4 b5 15. f5 Bd7 16. Bxf6 Bxf6 17. Nd5 Bg5 18. f6 Re8 19. Nxe7+ Rxe7 20. fxe7 Qb6+ 21. Kh1 Be6 22. Bg4 Bxg4 23. Qd5 1-0

[Event "CZE-chT2a 9596"]
[Site "Czech Republic"]
[Date "1995.??.??"]
[Round "?"]
[White "Kozak, Milos"]
[Black "Kolin, Julius"]
[Result "1-0"]
[WhiteElo "2300"]
[BlackElo "2255"]
[PlyCount "59"]
[EventDate "1995.??.??"]
[EventType "team"]
[EventRounds "11"]
[EventCountry "CZE"]
[SourceTitle "EXT 2000"]
[Source "ChessBase"]
[SourceDate "1999.11.16"]
[SourceVersion "1"]
[SourceVersionDate "1999.11.16"]
[SourceQuality "1"]

1. d4 d6 2. c4 Nf6 3. Nc3 g6 4. e4 Bg7 5. Nf3 0-0 6. Be2 e5 7. 0-0 Nc6 8. d5 Ne7 9. Ne1 Nd7 10. Be3 f5 11. f3 f4 12. Bf2 a5 13. Nd3 b6 14. a3 g5 15. b4 h5 16. c5 Nf6 17. cxd6 cxd6 18. Na4 Rb8 19. bxa5 bxa5 20. Rb1 Bd7 21. Rxb8 Qxb8 22. Nb6 Be8 23. Nc4 g4 24. Qb1 Qd8 25. Qb6 Bg6 26. Qxd6 Nd7 27. Nc5 g3 28. hxg3 fxg3 29. Bxg3 Nxc5 30. Qxc5 1-0